000 00558nam a2200229 a 4500
001 nice12345678
003 IN_TiNIC
005 20260116011853.0
008 070612s1878 lona grp 000 0 eng
020 _a
_c35
082 0 0 _a491.5582421
_bCLA
100 _aClarke, H Wilberforce
245 _aPersian Manual
260 _aLondon
_bWm. H.. Allen and Co.
_c1878
300 _a439p
500 _aincludes index and biblioraphy
650 _aPersian Grammar
700 1 _aClarke, H Wilberforce
902 _bRHR
942 _cBK
999 _c4590
_d4590